000 01071cam a22002771i 4500
003 SA-RiAUC
005 20250709065852.0
008 250709s1977 su g b 00000 ara c
040 _aSA-RiAUC
_bara
_cSA-RiAUC
_erda
050 4 _b.T87 1977
082 0 4 _a251
_qSA-RiAUC
090 _a251
_bت ر ك
100 1 _aالتركي، عبد الله بن عبد المحسن،
_d1359 هجري-
_eمؤلف.
245 1 0 _aأسباب اختلاف الفقهاء /
_cعبد الله عبد المحسن التركي.
250 _aالطبعة الثانية.
264 1 _aالرياض :
_bمكتبة الرياض الحديثة،
_c1977
300 _a239 صفحة ؛
_c24 سم
336 _aنص
_btxt
_2rdacontent
_3كتاب
337 _aبدون وسيط
_bn
_2rdamedia
338 _aمجلد
_bnc
_2rdacarrier
504 _aببليوجرافية : صفحة 229-233.
650 7 _aالاختلاف (فقه إسلامي)
_2aucsh
650 7 _aأصول الفقه الإسلامي
_2aucsh
942 _2ddc
_cBOOK
_n0
949 _aSA-JeALM
_d250709
_umohamedma123
_n1
999 _c9646
_d9646